Радиоастрономические методы измерений параметров антен

מידע ביבליוגרפי
מחבר ראשי: Кузьмин А. Д. Аркадий Дмитриевич
מחברים אחרים: Саломонович А. Е. Александр Ефимович
סיכום:В книге дается систематическое изложение основных практических сведений, необходимых для проведения измерений параметров антенн с помощью космических источников радиоизлучения. Рассмотрены основы техники радиоастрономических наблюдений, юстировка электрической оси антенн, методика измерения диаграммы направленности, коэффициентов усиления и рассеяния.
שפה:רוסית
יצא לאור: Москва, Советское радио, 1964
נושאים:
פורמט: ספר
KOHA link:https://koha.lib.tpu.ru/cgi-bin/koha/opac-detail.pl?biblionumber=333227

MARC

LEADER 00000nam0a2200000 4500
001 333227
005 20231102004532.0
035 |a (RuTPU)RU\TPU\book\359222 
090 |a 333227 
100 |a 20170608d1964 km y0rusy50 ca 
101 0 |a rus 
102 |a RU 
105 |a a z 001zy 
200 1 |a Радиоастрономические методы измерений параметров антен  |f А. Д. Кузьмин, А. Е. Саломонович 
210 |a Москва  |c Советское радио  |d 1964 
215 |a 184 с.  |c ил. 
320 |a Библиогр. в конце гл. 
330 |a В книге дается систематическое изложение основных практических сведений, необходимых для проведения измерений параметров антенн с помощью космических источников радиоизлучения. Рассмотрены основы техники радиоастрономических наблюдений, юстировка электрической оси антенн, методика измерения диаграммы направленности, коэффициентов усиления и рассеяния. 
606 1 |a Антенны  |x Параметры  |x Измерение  |x Радиоастрономический метод  |2 stltpush  |3 (RuTPU)RU\TPU\subj\29147  |9 52540 
610 1 |a радиоастрономические исследования 
610 1 |a космические излучения 
610 1 |a источники радиоизлучения 
610 1 |a диаграммы направленности 
610 1 |a коэффициенты усиления 
610 1 |a коэффициенты рассеяния 
610 1 |a радиоастрономические наблюдения 
675 |a 621.396.67  |v 4 
700 1 |a Кузьмин  |b А. Д.  |g Аркадий Дмитриевич 
701 1 |a Саломонович  |b А. Е.  |g Александр Ефимович 
801 1 |a RU  |b 63413507  |c 20170608 
801 2 |a RU  |b 63413507  |c 20201124  |g RCR 
942 |c BK